000
00313nam a2200133Ia 4500
005
20251222154311.0
008
251222s9999||||xx |||||||||||||| ||spa||
020
_a
84-7039-225-5
082
_a
868.8/L26A
100
_a
"Larra, Mariano José De"
245
0
_a
ArtÃculos Varios
250
_a
3a.ed.
942
_c
LIB
999
_c
33394
_d
33394